Guess the Taylor Swift song with no hints ~26 - Statistics

General Stats
  • This quiz has been taken 110 times
  • The average score is 240 of 313
Answer Stats
Answer % Correct
I
100%
a
97%
A
97%
the
97%
The
97%
You
97%
you
97%
we
95%
an
91%
me
91%
And
89%
and
89%
for
89%
In
88%
in
88%
it
88%
Were
88%
were
88%
Who
88%
who
88%
be
86%
but
86%
But
86%
ever
86%
to
86%
Was
86%
was
86%
are
85%
man
83%
of
83%
on
83%
your
83%
don't
82%
want
82%
by
80%
Did
80%
did
80%
I'll
80%
just
80%
my
80%
our
80%
that
80%
what
80%
why
80%
all
78%
get
78%
lived
78%
smallest
78%
this
78%
you're
78%
any
77%
know
77%
some
77%
They
77%
wanted
77%
with
77%
at
75%
like
75%
mine
75%
time
75%
bed?
74%
could
74%
dead?
74%
From
74%
gun
74%
her
74%
If
74%
never
74%
Now
74%
sleep
74%
someone
74%
underneath
74%
won't
74%
you'll
74%
You'll
74%
book?
72%
had
72%
say
72%
sent
72%
writing
72%
Cause
71%
even
71%
give
71%
Good
71%
Then
71%
true?
71%
car
69%
fuck
69%
out
69%
prison
69%
years
69%
back
68%
declassified?
68%
deserve
68%
message
68%
up
68%
wasn't
68%
will
68%
guy?
66%
miss
66%
sins
66%
spy?
66%
confess
65%
didn't
65%
died
65%
fifty
65%
forbidden
65%
forget
65%
forgive
65%
friend
65%
gone
65%
Instead
65%
Riddance
65%
said
65%
summer
65%
would've
65%
buy
63%
friends
63%
goal
63%
inside
63%
into
63%
morning
63%
sparkling
63%
boring
62%
feels
62%
girls
62%
sexy
62%
cell
60%
inboxes
60%
once
60%
party
60%
pills
60%
sleeper
60%
starry
60%
still
60%
crashed
58%
eyed
58%
ghosted
58%
normal
58%
performing
58%
suit
58%
tried
58%
You’d
58%
bars
57%
lights
57%
measure
57%
off
57%
rusting
57%
slide
57%
stage
57%
hid
55%
plain
55%
rental
55%
sight
55%
through
55%
wall
55%
Witness
55%
kicked
54%
queen
54%
come
52%
Gazing
52%
showed
52%
slip
52%
treat
52%
hung
51%
public
48%
push
48%
pins
46%
Stabbed
46%
also
43%
ran
42%
oblivion
38%
stoned
34%
sank
32%
Jehova's
31%
No matching quizzes found
Score Distribution
Percent of People with Each Score
Percentile by Number Answered
Your Score History
You have not taken this quiz